Movies Quiz

Random Movies or Actor Quiz

Top 10 Box Office Stars (2000s) Quiz Stats

 Plays Quiz Updated Sep 19, 2012

Challenge
Share
Tweet
Embed
Score 0/100 Timer 10:00
3 Plays Today
Year Actor/Actress % Correct
2001Brad Pitt
86.2%
2004Brad Pitt
86.2%
2005Brad Pitt
86.2%
2009Brad Pitt
86.2%
2000Tom Cruise
78.7%
2001Tom Cruise
78.7%
2002Tom Cruise
78.7%
2003Tom Cruise
78.7%
2004Tom Cruise
78.7%
2005Tom Cruise
78.7%
2006Tom Cruise
78.7%
2007Tom Cruise
78.7%
2007Matt Damon
71.6%
2009Matt Damon
71.6%
2000Tom Hanks
71.4%
2002Tom Hanks
71.4%
2003Tom Hanks
71.4%
2004Tom Hanks
71.4%
2005Tom Hanks
71.4%
2006Tom Hanks
71.4%
2007Tom Hanks
71.4%
2009Tom Hanks
71.4%
2000George Clooney
70.3%
2001George Clooney
70.3%
2005George Clooney
70.3%
2006George Clooney
70.3%
2007George Clooney
70.3%
2008George Clooney
70.3%
2009George Clooney
70.3%
2001Will Smith
68.9%
2004Will Smith
68.9%
2005Will Smith
68.9%
2006Will Smith
68.9%
2007Will Smith
68.9%
Year Actor/Actress % Correct
2008Will Smith
68.9%
2005Angelina Jolie
68.6%
2008Angelina Jolie
68.6%
2000Julia Roberts
68.6%
2001Julia Roberts
68.6%
2003Julia Roberts
68.6%
2004Julia Roberts
68.6%
2002Leonardo DiCaprio
66.7%
2004Leonardo DiCaprio
66.7%
2006Leonardo DiCaprio
66.7%
2003Johnny Depp
60.1%
2005Johnny Depp
60.1%
2006Johnny Depp
60.1%
2007Johnny Depp
60.1%
2009Johnny Depp
60.1%
2001Ben Affleck
54.9%
2001Denzel Washington
53.7%
2002Denzel Washington
53.7%
2004Denzel Washington
53.7%
2006Denzel Washington
53.7%
2007Denzel Washington
53.7%
2009Denzel Washington
53.7%
2008Christian Bale
49.2%
2004Adam Sandler
48.4%
2005Adam Sandler
48.4%
2008Adam Sandler
48.4%
2009Meryl Streep
46.2%
2009Sandra Bullock
44.2%
2003Will Ferrell
43.6%
2006Will Ferrell
43.6%
2007Will Ferrell
43.6%
2000Jim Carrey
43.5%
2003Jim Carrey
43.5%
2004Jim Carrey
43.5%
Year Actor/Actress % Correct
2000Harrison Ford
43.2%
2008Harrison Ford
43.2%
2000Russell Crowe
40.3%
2001Russell Crowe
40.3%
2003Russell Crowe
40.3%
2007Russell Crowe
40.3%
2002Catherine Zeta-Jones
39.8%
2008Robert Downey Jr.
39.6%
2009Robert Downey Jr.
39.6%
2001Nicole Kidman
38.9%
2002Nicole Kidman
38.9%
2003Nicole Kidman
38.9%
2003Jack Nicholson
38.5%
2000Mel Gibson
37%
2002Mel Gibson
37%
2002Reese Witherspoon
34.8%
2005Reese Witherspoon
34.8%
2008Reese Witherspoon
34.8%
2000Eddie Murphy
33.7%
2002Mike Myers
30.1%
2005Vince Vaughn
28.2%
2004Nicolas Cage
26.8%
2007Nicolas Cage
26.8%
2008Daniel Craig
26.8%
2003Renee Zellweger
20.9%
2001Jackie Chan
20%
2002Vin Diesel
18.5%
2008Shia LaBeouf
17.8%
2009Shia LaBeouf
17.8%
2000Martin Lawrence
17.6%
2006Dakota Fanning
12.1%
2006Sacha Baron Cohen
10%

You're not logged in!

Compare scores with friends on all Sporcle quizzes.
Join for Free
OR
Log In

You Might Also Like...

Show Comments

Extras

Top Quizzes Today


Score Distribution

Your Account Isn't Verified!

In order to create a playlist on Sporcle, you need to verify the email address you used during registration. Go to your Sporcle Settings to finish the process.

Report this User

Report this user for behavior that violates our Community Guidelines.

Details: